00976nam a2200193 a 450000100100000000500170001000800410002702000150006804000250008310000320010824501790014026001700031930000210048950001220051050400730063250400320070570000190073770000260075600004036520201002034102.0130822s2005 mx 000 0 spa d a9703223656 aDO-SdBNPbspacBNPHU1 aCastañón, Adolfod1952-10aTrazos para una bibliografía comentada de Alfonso Reyes, con especial atención a su postergada antología mexicana : "En busca del alma nacional" /cAdolfo Castañón. aMéxico :bUniversidad Nacional Autónoma de México :bDifusión Cultural, Dirección General de Publicaciones y Fomen : Academia Mexicana de la Lengua,c2005. a126 p. ;c18 cm. aDiscurso de ingreso a la Academía Mexicana de la Lengua, 10 de marzo de 2005.", respuesta de José Luis Martínez aIncluye referencias bibliográficas y notas al pie de las páginas aBibliografía : p. 77 - 961 aReyes, Alfonso1 aMartíz, José Luis